| 000 | 00484nam a2200181Ia 4500 | ||
|---|---|---|---|
| 008 | 240925s9999 xx 000 0 und d | ||
| 020 | _a9781718500723 | ||
| 082 | _a006.31 GLA | ||
| 100 | _aGlassner, Andrew | ||
| 245 | 0 | _aDeep learning: a visual approach | |
| 250 | _a2nd | ||
| 260 |
_aSan Francisco: _bNo Starch Press _c2021 |
||
| 300 |
_a655p. _bNA _fNA |
||
| 500 | _aNA | ||
| 600 | _aComputer Science | ||
| 650 | _aComputer science, information & general works | ||
| 942 | _cBK | ||
| 999 |
_c18156 _d18156 |
||